LEADER 01368nam 2200349Ia 450 001 996386326203316 005 20221108083537.0 035 $a(CKB)4940000000077706 035 $a(EEBO)2240946446 035 $a(OCoLC)12561204 035 $a(EXLCZ)994940000000077706 100 $a19850916d1671 uy | 101 0 $aeng 135 $aurbn||||a|bb| 200 12$aA serious exhortation to the present and succeeding generation in New-England$b[electronic resource] $eearnestly calling upon all to endeavours that the Lords gracious presence may be continued with posterity : being the substance of the last sermons preached /$fby Eleazar Mather .. 210 $aCambridge [Mass.] $cPrinted by S.G. and M.J.$d1671 215 $a[8], 31 p 300 $aIncludes bibliographical references. 300 $aAdvertisement: p. 31. 300 $a"To the church and inhabitants of Northampton in N.E." signed: Increase Mather. 300 $aReproduction of original in Huntington Library. 330 $aeebo-0113 700 $aMather$b Eleazar$f1637-1669.$01017789 701 $aMather$b Increase$f1639-1723.$0790750 801 0$bEAA 801 1$bEAA 801 2$bm/c 801 2$bWaOLN 906 $aBOOK 912 $a996386326203316 996 $aA serious exhortation to the present and succeeding generation in New-England$92389843 997 $aUNISA LEADER 02346nam0 22004813i 450 001 TO00869361 005 20231121125841.0 010 $a8831131540 100 $a20001011d2000 ||||0itac50 ba 101 | $aita 102 $ait 181 1$6z01$ai $bxxxe 182 1$6z01$an 200 1 $aStoria ecclesiastica$fTeodoreto di Cirro$gintroduzione, traduzione e note a cura di Antonino Gallico 210 $aRoma$cCittà nuova$d[2000] 215 $a434 p.$d21 cm. 225 | $aCollana di testi patristici$v154 410 0$1001CFI0012373$12001 $aCollana di testi patristici$v154 500 10$aHistoria ecclesiastica$3BVEE009753$9CFIV013164$931982 606 $aChiesa$xStoria$x323-428$2FIR$3RMLC379274$9I 676 $a270.2$9$v21 700 0$aTheodoretus$c $3CFIV013164$4070$0439989 702 1$aGallico$b, Antonino$3RAVV072143 790 0$aTeodoreto$c $3CFIV013165$zTheodoretus 790 0$aTheodoretus : Cyrensis$3CFIV087751$zTheodoretus 790 0$aTeodoreto : di Ciro$3CFIV088266$zTheodoretus 790 0$aTeodoreto$c $3CFIV165632$zTheodoretus 790 0$aTeodoreto : di Cirro$3CFIV165633$zTheodoretus 790 0$aTheodoretus$c $3CFIV165634$zTheodoretus 790 0$aThe?dor?tus$c $3CFIV338310$zTheodoretus 790 0$aTheodoretus : Cyrrhensis$3CFIV338311$zTheodoretus 790 0$aTeodoreto : de Ciro$3IEIV223267$zTheodoretus 790 0$aTheodoret : de Cyr$3NAPV093143$zTheodoretus 801 3$aIT$bIT-01$c20001011 850 $aIT-RM028 $aIT-FR0084 $aIT-FR0017 899 $aBiblioteca Universitaria Alessandrina$bRM028 899 $aBiblioteca Del Monumento Nazionale Di Montecassino$bFR0084 899 $aBiblioteca umanistica Giorgio Aprea$bFR0017 912 $aTO00869361 950 0$aBiblioteca umanistica Giorgio Aprea$d 52CIS 2 COLL L 154$e 52VM 0000172005 VM barcode:00083060. - Inventario:22606 FLSVM$fA $h20020711$i20121204 977 $a 01$a 25$a 52 996 $aHistoria ecclesiastica$931982 997 $aUNICAS